La Globalización y la política social: notas sobre la experiencia latinoamericana /

Spremljeno u:
Bibliografski detalji
Glavni autor: Cordera Campos, Rolando
Format: Tekst
Teme:
Oznake: Dodaj oznaku
Bez oznaka, Budi prvi tko označuje ovaj zapis!

MARC

LEADER 00000 a a2200000 04500
001 5325
003
040
100 |a Cordera Campos, Rolando  
245 |a La Globalización y la política social:   |b notas sobre la experiencia latinoamericana /  |c Rolando Cordera Campos 
650 |a POLITICA SOCIAL  
650 |a INTERNACIONALIZACION  
650 |a CAPITALISMO  
650 |a POLITICA NACIONAL  
773 |g número 303; páginas 28-41  
999 |c 26574  |d 26574